| 000 | 00433nam a22001817a 4500 | ||
|---|---|---|---|
| 003 | CEME | ||
| 005 | 20210628205729.0 | ||
| 008 | 210316b xxu||||| |||| 00| 0 eng d | ||
| 020 | _a0-02-824065-0 | ||
| 040 | _c. | ||
| 082 | _a510 BAL | ||
| 100 |
_aBalch, Kay _976865 |
||
| 245 | _aMathematics applications and connections | ||
| 260 |
_aOHIO _bGLENCO _c1993 |
||
| 300 | _a657P | ||
| 650 |
_aMATHEMATICS _98559 |
||
| 942 |
_cBK _2ddc |
||
| 999 |
_c582175 _d582175 |
||